000 00506nam a22001937a 4500
005 20230921133701.0
008 230907b |||||||| |||| 00| 0 eng d
020 _a0534564860
082 _a302.2072
_bRUB-C
100 _aRubin,Rebecca B.
245 _aCommunication Research: Strategies and Sources
250 _a6th.ed
260 _c2005
_aUSA
_bThomson Wadsworth
300 _a321
500 _aInclude Index, photocopy of book
650 _aEconomics
700 _aRebcca B.Rubin
999 _c33466
_d33466